| 000 | 00760nam a2200229 a 4500 | ||
|---|---|---|---|
| 001 | 57568 | ||
| 003 | BD-RjUL | ||
| 005 | 20211209080529.0 | ||
| 008 | 161210s1978 us a|||| |||| 00| 0 eng d | ||
| 035 | _a(BD-RjUL) | ||
| 040 |
_aBD-RjUL _beng _cBD-RjUL |
||
| 041 | _aeng | ||
| 082 |
_223 _a333.793207286 _bRUR 1978 |
||
| 245 |
_aRural electrification and development : _b social and economic impact in Costa Rica and Colombia / _c John Saunders ...et al |
||
| 260 |
_aBoulder, Colorado : _b Westview Press, _c c1978. |
||
| 300 |
_axxiv, 180 p. : _bill. ; _c22 cm. |
||
| 490 | _aA Westview replica edition | ||
| 650 |
_aRural electrification _zCosta Rica _9170952 |
||
| 700 |
_aSaunders, John _9170953 |
||
| 856 | _3A Westview replica edition | ||
| 942 |
_2ddc _cBK |
||
| 999 |
_c57568 _d57568 |
||